000 00890nam a22002777a 4500
001 BR6900574
003 BR-BrBNA
005 20230928083543.0
007 ta
008 230509b bl.||||| |||| 00| 0 por d
040 _aBR-BrBNA
_bpor
_cBiblioteca Nacional de Agricultura
041 _a(Por)
072 _aF00; E70
_b0336
_b/G514
090 _ 0336 BR6900574
110 1 _aServico do Acordo de Classificacao no Estado do Parana, Curitiba (Brasil). Depto. Tecnico de Classificacao
_99331
245 1 _aSoja. Cultura e classificacao [Brasil]
260 3 _aCuritiba, PR (Brasil):
_c1969.
300 _a19 p.
500 _a(*) Documento disponível no(a) Empresa Paranaense de Classificacao de Produtos, Curitiba (Brazil)
650 _aSOJA
650 _aCONTROLE DE QUALIDADE
650 _aLEGISLACAO
650 _aPARANA
909 _a202309
_bLucia
_c55
_dLucia Elande
942 _cBK
999 _c14132
_d14132